[Event "Politiken Cup"]
[Site "Espergaerde"]
[Date "1992.??.??"]
[Round "7"]
[White "Rashkovsky, Nukhim"]
[Black "Fries Nielsen, Niels Jorgen"]
[Result "1/2-1/2"]
[WhiteElo "2530"]
[BlackElo "2390"]

1. d4 Nf6 2. Nf3 g6 3. g3 Bg7 4. Bg2 c6 5. O-O O-O 6. a4 Na6 7. a5 d5
8. Bf4 Nh5 9. Be3 Nc7 10. Qc1 Nb5 11. c3 Re8 12. Bh6 Bh8 13. h3 Nd6
14. g4 Ng7 15. Nbd2 f6 16. Qc2 Nf7 17. Bxg7 Bxg7 18. e4 e5 19. Rfd1 f5
20. gxf5 gxf5 21. a6 fxe4 22. axb7 Bxb7 23. Nxe5 Nxe5 24. dxe5 Qe7 25.
f4 Kh8 26. Nb3 Rf8 27. Rf1 Bh6 28. Qd2 Qh4 29. e6 Qe7 30. Qd4+ Bg7 31.
Qb4 Qxb4 32. cxb4 Bxb2 33. Ra2 Bf6 34. Nc5 Bc8 35. f5 a6 36. Rd1 Rb8
37. Nxa6 Ra8 38. Bf1 Be7 39. b5 Rxf5 40. bxc6 Bxe6 41. Rf2 Rg8+ 42. Rg2
Rgf8 43. Be2 Bc8 44. Bg4 Bxa6 45. Bxf5 Rxf5 46. Ra2 Rg5+ 47. Kh1 Bc8
48. Ra8 Rg8 49. Rxd5 Bf6 50. Rd6 Be5 51. Rd5 Bf4 52. c7 Bxc7 53. Rc5 e3
54. Rxc7 Bb7+ 55. Rxb7 Rxa8 56. Re7 Ra3 57. Kg2 Kg8 58. h4 Ra4 59. Kg3
Ra3 60. Kf3 Ra4 1/2-1/2

[Event "Politiken Cup"]
[Site "Espergaerde"]
[Date "1992.??.??"]
[Round "7"]
[White "Hector, Jonny"]
[Black "Conquest, Stuart"]
[Result "0-1"]
[WhiteElo "2535"]
[BlackElo "2495"]

1. e4 c5 2. Nf3 d6 3. d4 cxd4 4. Nxd4 Nf6 5. Nc3 a6 6. Bg5 Nc6 7. Be2
Bd7 8. f4 e6 9. Bf3 Be7 10. Nb3 Rc8 11. O-O b5 12. Qe2 b4 13. Nd1 a5
14. a4 O-O 15. Kh1 Qc7 16. c4 Ne8 17. Bxe7 Nxe7 18. Ne3 Ng6 19. g3 Nf6
20. Nd2 Bc6 21. b3 Nd7 22. Ng4 Ne7 23. Nf2 Bb7 24. Nd3 Qb6 25. Rad1 Nc5
26. Bg2 Rcd8 27. Nf3 Qa7 28. e5 dxe5 29. fxe5 h6 30. Nf4 Nc6 31. Qe3
Ne7 32. Nd3 Rc8 33. Nh4 Bxg2+ 34. Nxg2 Qc7 35. Nxc5 Qxc5 36. Rfe1 Qxe3
37. Rxe3 Rfd8 38. Red3 Rxd3 39. Rxd3 Ng6 40. Rd7 Nxe5 41. Ra7 Nc6 42.
Ra6 Nd4 43. Rxa5 Nxb3 44. Rb5 Rxc4 45. Ne3 Rc3 46. Nf1 Rc1 47. Kg2 Rc2+
48. Kh3 Ra2 49. Rb8+ Kh7 50. Rxb4 Nc5 51. Rf4 Kg8 52. Rc4 Nxa4 53. Rc8+
Kh7 54. Rc7 Rf2 55. Ne3 Nb6 56. Ng4 Nd5 57. Rb7 Rf5 58. Kg2 h5 59. Nf2
Ne3+ 60. Kg1 Ra5 61. Nh3 Ra1+ 62. Kf2 Ng4+ 63. Ke2 Ra2+ 64. Ke1 Ne5
65. Ng5+ Kg6 66. h4 Rg2 67. Ne4 Ng4 68. Ng5 Nh6 69. Ne4 Kf5 70. Kf1 Rc2
0-1

[Event "Politiken Cup"]
[Site "Espergaerde"]
[Date "1992.??.??"]
[Round "8"]
[White "Malaniuk, Vladimir"]
[Black "Borge, Nikolaj"]
[Result "1/2-1/2"]
[WhiteElo "2540"]
[BlackElo "2425"]

1. d4 f5 2. g3 Nf6 3. Bg2 g6 4. Nh3 Bg7 5. Nf4 Nc6 6. h4 Ng4 7. d5 Nce5
8. Nc3 Nf7 9. e4 e5 10. dxe6 dxe6 11. Qxd8+ Kxd8 12. O-O c6 13. exf5
gxf5 14. Nh5 Be5 15. Bf4 Bxf4 16. Nxf4 Nf6 17. Rfe1 Re8 18. Bf3 Re7
19. Nh5 Ne8 20. g4 fxg4 21. Bxg4 e5 22. Rad1+ Kc7 23. Bxc8 Rxc8 24. f4
Ned6 25. Nf6 Re6 26. Nxh7 Rg6+ 27. Kf2 Rh8 28. fxe5 1/2-1/2

[Event "Politiken Cup"]
[Site "Espergaerde"]
[Date "1992.??.??"]
[Round "8"]
[White "Berg, Klaus"]
[Black "Hansen, Lars Bo"]
[Result "0-1"]
[WhiteElo "2405"]
[BlackElo "2530"]

1. d4 d5 2. c4 e6 3. e3 Nf6 4. Nf3 Nbd7 5. Bd3 dxc4 6. Bxc4 a6 7. a3 b5
8. Ba2 Bb7 9. O-O Bd6 10. Nc3 O-O 11. Qe2 c5 12. e4 cxd4 13. Nxd4 Qb8
14. g3 Rd8 15. Rd1 Nf8 16. Bg5 Be5 17. Bxf6 Bxf6 18. Qe3 Rd7 19. Nb3
Qc7 20. Nc5 Rxd1+ 21. Rxd1 Bc6 22. Bb1 a5 23. b4 axb4 24. axb4 Rd8 25.
Rxd8 Bxd8 26. e5 Qa7 27. Be4 Bxe4 28. N5xe4 Qxe3 29. fxe3 Be7 30. Nd6
Ng6 31. Ncxb5 Nxe5 32. Kf2 Nd3+ 33. Kf3 Bxd6 34. Nxd6 Nxb4 35. e4 Nd3
36. Ke3 Ne5 37. Kf4 f6 38. Nb5 g5+ 39. Ke3 Ng4+ 40. Kd4 Nxh2 41. Kc5
Nf3 42. Kd6 Kf7 43. Nc7 Nd2 0-1

[Event "Politiken Cup"]
[Site "Espergaerde"]
[Date "1992.??.??"]
[Round "8"]
[White "Danielsen, Henrik"]
[Black "Hector, Jonny"]
[Result "1/2-1/2"]
[WhiteElo "2415"]
[BlackElo "2535"]

1. Nf3 d5 2. c4 c6 3. e3 Nf6 4. Nc3 e6 5. b3 Bd6 6. Bb2 Nbd7 7. Be2 O-O
8. d4 Re8 9. O-O Qc7 10. Qc2 b6 11. e4 dxe4 12. Nxe4 Nxe4 13. Qxe4 Bb7
14. Rad1 Rad8 15. Ne5 f5 16. Qe3 c5 17. Bh5 Rf8 18. Nxd7 Rxd7 19. dxc5
Bxc5 20. Rxd7 Qxd7 21. Qe2 Rd8 22. Rd1 Qxd1+ 23. Qxd1 Rxd1+ 24. Bxd1
Be4 25. a3 a5 26. Kf1 Kf7 27. f3 Bd3+ 28. Ke1 g5 29. Be2 Bc2 30. Bd1
Bd3 31. Be2 Bc2 32. Bd1 1/2-1/2

[Event "Politiken Cup"]
[Site "Espergaerde"]
[Date "1992.??.??"]
[Round "8"]
[White "Fries Nielsen, Niels Jorgen"]
[Black "Conquest, Stuart"]
[Result "1/2-1/2"]
[WhiteElo "2390"]
[BlackElo "2495"]

1. Nf3 d6 2. d4 Bg4 3. c3 Nd7 4. g3 Ngf6 5. Bg2 e5 6. Bg5 c6 7. Bxf6
Qxf6 8. O-O Be7 9. h3 Be6 10. e4 Nb6 11. Nbd2 Qh6 12. Qe2 Bf6 13. h4
O-O 14. Rfe1 Rad8 15. Nf1 g6 16. Ne3 Rfe8 17. b3 Qf8 18. Rad1 exd4 19.
cxd4 Bc8 20. Qc2 Bg7 21. a4 Na8 22. b4 Bd7 23. Nc4 d5 24. exd5 cxd5
25. Nce5 Bf5 26. Qb3 Nc7 27. b5 Qd6 28. Qb2 Re7 29. Nd3 Rxe1+ 30. Ndxe1
Ne6 31. Ne5 Rc8 32. f4 h5 33. N1f3 Rc2 34. Qb3 Be4 35. Rd2 Rxd2 36.
Nxd2 Bxg2 37. Kxg2 Nxd4 38. Qe3 Qb4 39. Nd7 Nf5 40. Qe8+ Kh7 41. Nf3
Qe4 1/2-1/2

[Event "Politiken Cup"]
[Site "Espergaerde"]
[Date "1992.??.??"]
[Round "8"]
[White "Rashkovsky, Nukhim"]
[Black "Sahl, Bjarke"]
[Result "1/2-1/2"]
[WhiteElo "2530"]
[BlackElo "2370"]

1. d4 d5 2. Nf3 c6 3. c4 Nf6 4. e3 e6 5. Bd3 Nbd7 6. O-O Bd6 7. Nc3 e5
8. cxd5 cxd5 9. Nb5 Bb8 10. dxe5 Nxe5 11. Be2 O-O 12. Bd2 Ne4 13. Bc3
Nxf3+ 14. Bxf3 a6 15. Bxe4 dxe4 16. Qxd8 Rxd8 17. Rfd1 Re8 18. Nd6 Bxd6
19. Rxd6 Be6 20. Rd4 f5 21. Rad1 Re7 22. a3 Rc8 23. h4 Kf7 24. Kh2 Rcc7
25. Rd8 Red7 26. R1xd7+ Rxd7 27. Rh8 h6 28. h5 Rc7 29. Bd4 Rc8 30. Rh7
Rg8 31. Kg3 Bc4 32. Kf4 Bf1 33. Kg3 f4+ 34. Kxf4 Bxg2 35. Kg4 Bf3+
1/2-1/2

[Event "Politiken Cup"]
[Site "Espergaerde"]
[Date "1992.??.??"]
[Round "9"]
[White "Hector, Jonny"]
[Black "Berg, Klaus"]
[Result "0-1"]
[WhiteElo "2535"]
[BlackElo "2405"]

1. e4 c6 2. Nc3 d5 3. Nf3 Nf6 4. e5 Ng8 5. d4 Bg4 6. Bg5 Qb6 7. Na4
Qa5+ 8. c3 Bxf3 9. gxf3 e6 10. b4 Qc7 11. h4 Nd7 12. Bd3 Be7 13. Bd2 h5
14. Qc2 Nh6 15. Bg5 Bxg5 16. hxg5 Ng8 17. g6 f5 18. Qd2 Ne7 19. Qg5 Rh6
20. Rxh5 Rxg6 21. Qh4 Kf7 22. Kd2 a5 23. b5 c5 24. Rg5 Rh8 25. Rxf5+
Nxf5 26. Qxh8 Rh6 27. Qa8 cxd4 28. cxd4 Nxd4 29. f4 Nf3+ 30. Ke2 Nfxe5
31. fxe5 Qxe5+ 32. Kd2 Qxa1 33. Qxb7 Ke7 34. b6 Qd4 35. Qc6 Qxd3+ 0-1

[Event "Politiken Cup"]
[Site "Espergaerde"]
[Date "1992.??.??"]
[Round "9"]
[White "Hansen, Lars Bo"]
[Black "Malaniuk, Vladimir"]
[Result "1/2-1/2"]
[WhiteElo "2530"]
[BlackElo "2540"]

1. d4 f5 2. g3 Nf6 3. Bg2 d6 4. Nf3 g6 5. O-O Bg7 6. c4 O-O 7. Nc3 Qe8
8. Nd5 Nxd5 9. cxd5 Qb5 10. Ng5 h6 11. a4 Qb6 12. Nf3 a5 13. Be3 Na6
14. Qd2 Kh7 15. Ne1 Nb4 16. Nc2 Nxc2 17. Qxc2 Bd7 18. Qd3 c6 19. Ra3
Rfc8 20. Rb3 Qa7 21. h4 h5 22. Rc1 cxd5 23. Rxc8 Rxc8 24. Bxd5 Rc7 25.
Rc3 Qb6 26. Rxc7 Qxc7 27. Qb3 Qc8 28. Kh2 e6 29. Bxb7 1/2-1/2

[Event "Politiken Cup"]
[Site "Espergaerde"]
[Date "1992.??.??"]
[Round "9"]
[White "Sahl, Bjarke"]
[Black "Fries Nielsen, Niels Jorgen"]
[Result "1/2-1/2"]
[WhiteElo "2370"]
[BlackElo "2390"]

1. d4 Nf6 2. Nf3 g6 3. g3 Bg7 4. Bg2 O-O 5. O-O c6 6. c3 d5 7. Ne5 Nbd7
8. Nxd7 Nxd7 9. e4 dxe4 10. Bxe4 e5 11. dxe5 Nxe5 12. Qxd8 Rxd8 13. Bg5
f6 14. Be3 Bh3 15. Bg2 Bxg2 16. Kxg2 Nc4 17. Bc1 f5 18. a4 Bf8 19. a5
Rd5 20. a6 b6 21. b3 Na5 22. Nd2 Bg7 23. c4 Bxa1 24. cxd5 cxd5 25. Rd1
Bc3 26. b4 Bxb4 27. Nf3 Rd8 28. Bg5 Rd7 29. Ne5 Rd6 30. Be7 Re6 31.
Bxb4 Rxe5 32. Bc3 Re7 1/2-1/2

[Event "Politiken Cup"]
[Site "Espergaerde"]
[Date "1992.??.??"]
[Round "9"]
[White "Conquest, Stuart"]
[Black "Danielsen, Henrik"]
[Result "0-1"]
[WhiteElo "2495"]
[BlackElo "2415"]

1. d4 Nf6 2. Bg5 d5 3. Bxf6 exf6 4. e3 Bd6 5. c4 dxc4 6. Bxc4 O-O 7.
Nc3 f5 8. Nf3 Nd7 9. Qc2 c6 10. a3 Nf6 11. O-O Qe7 12. Nd2 Bd7 13. Rfe1
Rae8 14. Bd3 g6 15. b4 Be6 16. Rab1 Rd8 17. Bc4 Bc8 18. Re2 Rfe8 19.
Rf1 Bb8 20. Qa2 Kg7 21. Bb3 h5 22. Qb2 Kg8 23. Rc1 h4 24. h3 Ne4 25.
Kf1 Qf6 26. Qc2 Nxd2+ 27. Rxd2 f4 28. Kg1 f3 29. Ne4 Qf5 30. Nc5 Qg5
31. g4 hxg3 32. fxg3 Qxg3+ 33. Kh1 Bxh3 34. Rg1 Bg2+ 35. Rgxg2 fxg2+
36. Rxg2 Qe1+ 37. Rg1 Qh4+ 38. Kg2 Qh2+ 39. Kf3 Qxg1 0-1

[Event "Politiken Cup"]
[Site "Espergaerde"]
[Date "1992.??.??"]
[Round "9"]
[White "Borge, Nikolaj"]
[Black "Rashkovsky, Nukhim"]
[Result "1/2-1/2"]
[WhiteElo "2425"]
[BlackElo "2530"]

1. e4 c5 2. Nf3 d6 3. d4 cxd4 4. Nxd4 Nf6 5. Nc3 a6 6. f4 Nbd7 7. Be2
e5 8. Nf5 Nc5 9. Ng3 Ne6 10. f5 Nc7 11. O-O d5 12. exd5 Ncxd5 13. Nxd5
Qxd5 14. Bd3 h5 15. Bg5 Bd7 16. Qe2 Bc6 17. Bxf6 gxf6 18. Be4 Qc5+ 19.
Kh1 h4 20. Bxc6+ Qxc6 21. Ne4 h3 22. Rad1 Be7 23. Rd3 hxg2+ 24. Qxg2
Rd8 25. Rfd1 Rxd3 26. Rxd3 Rh4 27. Ng3 Qxg2+ 28. Kxg2 Bc5 29. b3 b5
30. Rc3 Be7 31. Rc6 Rd4 32. Kf3 Rh4 33. Rxa6 Rxh2 34. c4 bxc4 35. bxc4
Rc2 36. Ra4 Rc3+ 37. Kg4 Rc2 38. Ra8+ Kd7 39. Ra7+ Ke8 40. Ra8+ 1/2-1/2

[Event "Politiken Cup"]
[Site "Espergaerde"]
[Date "1992.??.??"]
[Round "5"]
[White "Malaniuk, Vladimir"]
[Black "Fries Nielsen, Niels Jorgen"]
[Result "1-0"]
[WhiteElo "2540"]
[BlackElo "2390"]

1. d4 c5 2. d5 Nf6 3. Nc3 d6 4. e4 g6 5. Nf3 Bg4 6. Be2 Bg7 7. O-O O-O
8. Bf4 Nbd7 9. a4 Qb6 10. Ra3 Nh5 11. Bg5 f6 12. Bc1 Ne5 13. Nh4 Bxe2
14. Qxe2 Bh8 15. f4 c4+ 16. Kh1 Nxf4 17. Bxf4 Qxb2 18. Bc1 Qb6 19. Nb5
a6 20. Be3 Qa5 21. Nd4 b5 22. Bf4 c3 23. Bxe5 Qb4 24. Rb3 Qc4 25. Qxc4
bxc4 26. Rbb1 fxe5 27. Nc6 Rxf1+ 28. Rxf1 Bf6 29. Nf3 Rc8 30. g4 e6
31. Nfxe5 exd5 32. Rxf6 dxe5 33. exd5 1-0